LEADER 01155nam a2200253 i 4500 001 000000221337 003 CaOOAMICUS 005 20130703000000.0 008 130703s2010 it u000 u ita u 013 $a200234 020 $a978-88-8166-311-8 040 $aSeMil$bita 100 1 $aVacchelli, Gianni.$0(OLS)http://semarc/name/77353 245 10$aPer un'alleanza delle religioni :$bla Bibbia tra Panikkar e la radice ebraica /$cGianni Vacchelli. 260 $aSotto il Monte (BG) :$bServitium,$c2010. 300 $a157 p. ;$c21 cm. 650 4$aCosmologia - Religioni - Studio comparato.$0(OLS)http://semarc/subject/22057 650 4$aBibbia e religioni non cristiane.$0(OLS)http://semarc/subject/40664 850 $aSeMil 852 $aSeMil$W1$xVenegono$y1$m2R III 403$j171688$B171688$CSeMilBibl$Z2$F182438 $81 961 $aLascito: Martini Card. Carlo Maria 996 $6020$a978-88-8166-311-8$9(OLS)http://semarc/number/220302 996 $6245$aPer un'alleanza delle religioni :$bla Bibbia tra Panikkar e la radice ebraica$9(OLS)http://semarc/title/317275 996 $6260$aSotto il Monte (BG) :$bServitium$9(OLS)http://semarc/publisher/32220 LEADER 01204nam a2200253 i 4500 001 000000059221 003 CaOOAMICUS 005 20250708100436.0 008 041111s1992 it u000 u ita u 013 $a30393 040 $aSeMil$bita 245 10$aGuida operativa per l'ordinamento e l'inventariazione degli archivi storici di enti locali. 250 $aEdizione provvisoria. 260 $aMilano :$b[s.n.],$c1992. 300 $aXVI, 124 p. ;$c30 cm. 500 $aIn testa al front. : Regione Lombardia. Settore cultura e informazione, Servizio biblioteche e beni librari e documenteri ; Progetto Sesamo. Archivi storici in Lombardia. 650 4$aArchivistica.$0(OLS)http://semarc/subject/8042 650 4$aEnti locali - Archivi storici - Ordinamento.$0(OLS)http://semarc/subject/11912 850 $aSeMil 852 $aSeMil$W1$xVenegono$y1$m3Y IV 13$j259255$B25374$CSeMilBibl$Z2$F25377 $81 961 $aOmaggio: Lombardia : Giunta regionale 996 $6245$aGuida operativa per l'ordinamento e l'inventariazione degli archivi storici di enti locali$9(OLS)http://semarc/title/92494 996 $6260$aMilano :$b[s.n.]$9(OLS)http://semarc/publisher/29709